Statistiques concernant Les pays qui visitent le plus l'Espagne

Cliquez ici pour prendre le quiz!

Statistiques générales

  • Ce quiz a été pris 13 819 fois
  • Le résultat moyen est 10 sur 12

Statistiques - réponses

# visitesPays% Correct
11 343 649France
100%
4 382 503Italie
96%
2 346 405Portugal
96%
11 414 481Allemagne
94%
18 502 722Royaume-Uni
93%
2 949 710États-Unis
86%
2 500 278Belgique
84%
1 884 783Suisse
82%
3 848 545Pays-Bas
78%
1 222 426Russie
71%
2 049 272Irlande
57%
714 774Argentine
50%

Distribution des résultats

Percentile par nombre de réponses

% des personnes avec chaque résultat

Votre développement - résultats

Vous n’avez pas pris ce quiz